Lecciones de derecho mercantil (Registro nro. 298899)

Detalles MARC
000 -ENCABEZADO
Número de control [NR] 01482nam a2200373Mc 4500
005 - FECHA Y HORA DE LA ÚLTIMA TRANSACCIÓN
control field 20160413095504.0
008 - DE LONGITUD FIJA DE DATOS DE ELEMENTOS - INFORMACIÓN GENERAL
Elementos de longitud fija [NR] 150408s2015 sp fr 000 0 spa d
020 ## - NUMERO INTERNACIONAL NORMALIZADO PARA LIBROS [R]
Número Internacional Normalizado del libro [NR] 9788447052196 (13a.Ed. V.1)
020 ## - NUMERO INTERNACIONAL NORMALIZADO PARA LIBROS [R]
Número Internacional Normalizado del libro [NR] 9788447052172 (13a.Ed. V.1)
020 ## - NUMERO INTERNACIONAL NORMALIZADO PARA LIBROS [R]
Número Internacional Normalizado del libro [NR] 9788447052165 (13a.Ed. V.2)
020 ## - NUMERO INTERNACIONAL NORMALIZADO PARA LIBROS [R]
Número Internacional Normalizado del libro [NR] 9788447049141 (13a.Ed. V.2)
020 ## - NUMERO INTERNACIONAL NORMALIZADO PARA LIBROS [R]
Número Internacional Normalizado del libro [NR] 8447049140 (12a.Ed. V.2)
020 ## - NUMERO INTERNACIONAL NORMALIZADO PARA LIBROS [R]
Número Internacional Normalizado del libro [NR] 9788447052196 (12a.Ed. V.2)
035 ## - NUMERO DE CONTROL DEL SISTEMA [R]
Número de control del sistema [NR] (OCoLC)904704956
040 ## - FUENTE DE CATALOGACION [NR]
Agencia de catalogación original [NR] CO-BoUCM
Idioma de catalogación [NR] spa
Quien Cataloga Sandra Palacio (modificó)
Quien Clasifica Jose A. Gerena
041 0# - CODIGO DE IDIOMA [R]
Código de idioma para texto/pista de sonido o título separado [R] Español
245 00 - MENCION DE TITULO [NR]
Título [NR] Lecciones de derecho mercantil
Mención de responsabilidad, etc. [NR] dirigido por Aurelio Menéndez, Ángel Rojo
250 ## - MENCION DE EDICION [NR]
Mención de edición [NR] 13a ed
260 ## - PUBLICACION, DISTRIBUCION, ETC. (PIE DE IMPRENTA) [R]
Lugar de publicación, distribución, etc. [R] Madrid (España)
Nombre del editor, distribuidor, etc. [R] Civitas
-- Thomson Reuters
Fecha de publicación, distribución, etc. [R] 2015
300 ## - DESCRIPCION FISICA [R]
Extensión [R] 2 volumenes
490 0# - MENCION DE SERIE [R]
Mención de serie [R] Tratados y manuales
650 #7 - ASIENTO SECUNDARIO DE MATERIA - TERMINO TEMATICO [R]
Término temático o nombre geográfico como elemento de entrada [NR] Derecho comercial
9 (RLIN) 12717
650 #7 - ASIENTO SECUNDARIO DE MATERIA - TERMINO TEMATICO [R]
Término temático o nombre geográfico como elemento de entrada [NR] Derecho mercantil
9 (RLIN) 12793
650 #7 - ASIENTO SECUNDARIO DE MATERIA - TERMINO TEMATICO [R]
Término temático o nombre geográfico como elemento de entrada [NR] Contratos
9 (RLIN) 11818
Subdivisión general [R] Aspectos jurídicos
650 #7 - ASIENTO SECUNDARIO DE MATERIA - TERMINO TEMATICO [R]
Término temático o nombre geográfico como elemento de entrada [NR] Mercado de valores
9 (RLIN) 19346
Subdivisión general [R] Aspectos jurídicos
650 #7 - ASIENTO SECUNDARIO DE MATERIA - TERMINO TEMATICO [R]
Término temático o nombre geográfico como elemento de entrada [NR] Contratos de seguros
9 (RLIN) 11841
Subdivisión general [R] Aspectos jurídicos
650 #7 - ASIENTO SECUNDARIO DE MATERIA - TERMINO TEMATICO [R]
Término temático o nombre geográfico como elemento de entrada [NR] Títulos valores
9 (RLIN) 25494
Subdivisión general [R] Aspectos jurídicos
690 ## - ASUNTO AGREGADO LOCAL DE ENTRADA - TÉRMINO TEMÁTICO (OCLC, RLIN)
Acceso temático local Derecho comercial
9 (RLIN) 12717
700 1# - ASIENTO SECUNDARIO - NOMBRE PERSONAL [R]
Nombre personal [NR] Menéndez Menéndez, Aurelio
Término de relación [R] director
9 (RLIN) 68257
700 1# - ASIENTO SECUNDARIO - NOMBRE PERSONAL [R]
Nombre personal [NR] Rojo Fernández-Río, Ángel
Término de relación [R] director
9 (RLIN) 68258
856 4# - LOCALIZACION Y ACCESO ELECTRONICOS [R]
Identificador Uniforme del Recurso (“URI”) [R] <a href="https://proview.thomsonreuters.com">https://proview.thomsonreuters.com</a>
Nota dirigida al público [R] Este recurso requiere clave, por favor solicítela en la USEB
942 ## - ELEMENTOS DE ENTRADA AGREGADOS (KOHA)
Sistema de clasificación DEWEY
Tema principal Derecho
Tipo de ítem principal el descrito en 300a Libro
Edición 13
Clasificación 346.07
Parte restante de la signatura top. L457d
Existencias
Fecha de último préstamo Total préstamos Total Renewals Signatura topográfica Código de barras Última vez visto Volúmen / Fascículo Ejemplar Costo de reposición Price effective from Tipo de ítem Perdido Sistema de clasificación Dañado No prestable Tipo de ítem específico Suprimido Ubicación habitual Ubicación actual Localización Fecha de creación Proveedor Forma de adquisición Costo
21/03/2024 8 4 346.07 L457d 100145469 09/12/2025 12a.Ed. V.2 Ej.1 238436.00 06/04/2015 Libro   DEWEY     Libro   Claustro Claustro 3er piso 06/04/2015 37 Compra 238436.00
05/02/2024 9 7 346.07 L457d 100148976 09/12/2025 13a.Ed. V.2 Ej.1 253240.00 29/03/2016 Libro   DEWEY     Libro   Claustro Claustro 3er piso 29/03/2016 15 Compra 253240.00
29/08/2023 11 5 346.07 L457d 100148996 09/12/2025 13a.Ed. V.1 Ej.1 408000.00 04/04/2016 Libro   DEWEY     Libro   Claustro Claustro 3er piso 04/04/2016 10 Compra 408000.00